| 000 | 00822nam a2200205Ia 4500 | ||
|---|---|---|---|
| 001 | 4180 | ||
| 003 | GE_BSU | ||
| 008 | 181216s||||||||xx |||||||||||||| ||und|| | ||
| 040 | _cGE_BSU | ||
| 080 | _a621.1(076) | ||
| 245 | _aБезопасная эксплуатация паровых котлов сосудов и трубопровод(сборник официальных материалов). | ||
| 245 | _cСостав. В.И.Тришакин, В.И.Чермега. Ред. Н.М.Корнилова, Л.И. Носова. | ||
| 250 | _aизд. 2-е, доп. | ||
| 260 | _aКиев. | ||
| 260 | _bТехника. | ||
| 260 | _c1978. | ||
| 300 | _a438стр. 22 см. | ||
| 653 | _aБезопасная эксплуатация паровых котлов сосудов и трубопровод. | ||
| 942 | _cBK | ||
| 999 |
_c38190 _d38190 |
||